Solutions d'exercices du cours de comptabilité des sociétés
Guardado en:
| Autores principales: | , , , |
|---|---|
| Formato: | Libro |
| Lenguaje: | francés |
| Publicado: |
París
Dunod
1967
|
| Edición: | 4a. ed |
| Materias: | |
| Etiquetas: |
Agregar Etiqueta
Sin Etiquetas, Sea el primero en etiquetar este registro!
|
MARC
| LEADER | 00000nam a2200000 a 4500 | ||
|---|---|---|---|
| 001 | UCQ0713 | ||
| 003 | CL-VaPUC | ||
| 008 | 980703e19670000FR |||||||||||||||||fre|d | ||
| 082 | 0 | 4 | |a 657.92 |b GER |2 21 |
| 100 | |a Germain, Jean |e author |9 414022 | ||
| 700 | 0 | |a Turbide, A |e author |9 414023 | |
| 700 | 0 | |a Rapin, Albert |e author |9 414024 | |
| 700 | 0 | |a Poly, J |e author |9 414025 | |
| 245 | 1 | 0 | |a Solutions d'exercices du cours de comptabilité des sociétés |
| 250 | |a 4a. ed | ||
| 300 | |a 151 p | ||
| 942 | |c BK | ||
| 945 | |d 19980703 00:00:00 |a cmena | ||
| 260 | |a París |b Dunod |c 1967 | ||
| 650 | 0 | |a Contabilidad |9 261430 | |
| 650 | 0 | |a Sociedades |9 259052 | |
| 650 | 0 | |a Patrimonio |9 257770 | |
| 650 | 0 | |a Administración financiera |9 261146 | |
| 650 | 0 | |a Sociedades comerciales |9 257290 | |
| 650 | 0 | |a Derecho comercial |9 256340 | |
| 583 | |a last modification |c 19980703 00:00:00 |k Rodrigo Vera | ||
| 999 | |c 271750 |d 271748 | ||
| 952 | |0 0 |1 0 |4 0 |6 657_920000000000000_GER_1967 |7 0 |8 P |9 306502 |a BIBGIM |b BIBGIM |d 2019-11-20 |i 143053K |o 657.92 GER 1967 |p 143053K |r 2025-01-15 |w 2019-11-20 |y BK |k COM | ||